000 00857nam a2200241 a 4500
001 672
003 BR-CuiBMT
005 20231113184040.0
008 231113s2017 spba 001 0 por d
020 _a9788597012101
040 _aBR-CuiBMT
_cBR-CuiBMT
080 _22007
_a657.1
090 _a657.1
_bB734c
_c2. ed.
100 1 _aBorinelli, Márcio Luiz
245 1 0 _aContabilidade para gestores, analistas e outros profissionais :
_bde acordo com os pronunciamentos do CPC (Comitê de Pronunciamentos Contábeis) e IFRS (Normas Internacionais de Contabilidade) /
_cMárcio Luiz Borinelli, Renê Coppe Pimentel.
250 _a2. ed.
260 _aSão Paulo :
_bAtlas,
_cc2017.
300 _axxviii, 492 p. :
_bil. ;
_c24 cm
504 _aInclui bibliografia e índice.
650 _aContabilidade
700 1 _aPimentel, Renê Coppe
942 _2udc
_cLV
999 _c672
_d672